Trekking in the Indian Himalaya (Record no. 603926)

MARC details
000 -LEADER
fixed length control field 00402nam a2200145Ia 4500
008 - FIXED-LENGTH DATA ELEMENTS--GENERAL INFORMATION
fixed length control field 100415s9999 xx 000 0 und d
082 ## - DEWEY DECIMAL CLASSIFICATION NUMBER
Item number 21044
Classification number 796.522(5452)
100 ## - MAIN ENTRY--PERSONAL NAME
Personal name WEARE, G.
245 ## - TITLE STATEMENT
Title Trekking in the Indian Himalaya
260 ## - PUBLICATION, DISTRIBUTION, ETC. (IMPRINT)
Place of publication, distribution, etc VICTORIA
Date of publication, distribution, etc 1991
Name of publisher, distributor, etc LONELY PLANET
365 ## - TRADE PRICE
Price amount 1
630 ## - SUBJECT ADDED ENTRY--UNIFORM TITLE
Uniform title Trekking in the Indian Himalaya
730 ## - ADDED ENTRY--UNIFORM TITLE
Uniform title Trekking in the Indian Himalaya
942 ## - ADDED ENTRY ELEMENTS (KOHA)
Koha item type Book
Holdings
Withdrawn status Lost status Damaged status Not for loan Home library Current library Date acquired Cost, normal purchase price Total Checkouts Full call number Barcode Date last seen Price effective from Koha item type
        Bombay Natural History Society Bombay Natural History Society 08/17/2004 1.00   796.522(5452) 21044 BNHS-21044 04/15/2010 04/15/2010 Book